Southville International School and Colleges
Your cart is empty.
  • Cart
  • Lists
    Public lists Eva Luna New books Lux_list list_1
    Your lists Log in to create your own lists
  • Log in to your account
  • Your cookies
  • Search history
Southville International School and Colleges
  • Advanced search
  • Recent comments
  • Most popular
  • Libraries

Log in to your account

Log in with GOOGLE


If you do not have an external account, but do have a local account, you can still log in:

  1. Home
  2. MARC view: Strawberry girl /
Normal view MARC view ISBD view

Strawberry girl / (Record no. 8042)

[ view plain ]
MARC details
000 -LEADER
fixed length control field 01358cam a2200373 a 4500
001 - CONTROL NUMBER
control field 14122752
003 - CONTROL NUMBER IDENTIFIER
control field OSt
005 - DATE AND TIME OF LATEST TRANSACTION
control field 20160713152434.0
008 - FIXED-LENGTH DATA ELEMENTS--GENERAL INFORMATION
fixed length control field 050928r20051945nyuab c 000 1 eng
010 ## - LIBRARY OF CONGRESS CONTROL NUMBER
LC control number 2005281591
020 ## - INTERNATIONAL STANDARD BOOK NUMBER
International Standard Book Number 0064405850 (pbk.)
040 ## - CATALOGING SOURCE
Original cataloging agency DLC
Transcribing agency DLC
Modifying agency DLC
042 ## - AUTHENTICATION CODE
Authentication code lcac
050 00 - LIBRARY OF CONGRESS CALL NUMBER
Classification number PZ 7
Item number .L573 2005
082 00 - DEWEY DECIMAL CLASSIFICATION NUMBER
Classification number KF
Item number L54s 1973
100 1# - MAIN ENTRY--PERSONAL NAME
Personal name Lenski, Lois,
Dates associated with a name 1893-1974.
9 (RLIN) 5394
245 10 - TITLE STATEMENT
Title Strawberry girl /
Statement of responsibility, etc written and illustrated by Lois Lenski.
250 ## - EDITION STATEMENT
Edition statement Revised Harper Trophy ed.
260 ## - PUBLICATION, DISTRIBUTION, ETC. (IMPRINT)
Place of publication, distribution, etc New York :
Name of publisher, distributor, etc HarperTrophy,
Date of publication, distribution, etc c1973.
300 ## - PHYSICAL DESCRIPTION
Extent 194 p. :
Other physical details ill., map ;
Dimensions 20 cm.
500 ## - GENERAL NOTE
General note "60th anniversary edition"--Cover.
520 ## - SUMMARY, ETC.
Summary, etc In 1945, in Florida, ten-year-old Birdie Boyer and her family struggle to make their new farm prosper despite heat, droughts, cold snaps, and rowdy neighbors.
562 ## - COPY AND VERSION IDENTIFICATION NOTE
Number of copies 2
586 ## - AWARDS NOTE
Awards note Newbery Medal, 1946.
650 #1 - SUBJECT ADDED ENTRY--TOPICAL TERM
Topical term or geographic name as entry element Farm life
Geographic subdivision Florida
Form subdivision Fiction.
9 (RLIN) 5395
650 #1 - SUBJECT ADDED ENTRY--TOPICAL TERM
Topical term or geographic name as entry element Country life
Geographic subdivision Florida
Form subdivision Fiction.
9 (RLIN) 5396
651 #1 - SUBJECT ADDED ENTRY--GEOGRAPHIC NAME
Geographic name Florida
General subdivision History
Chronological subdivision 20th century
Form subdivision Fiction.
9 (RLIN) 5397
856 42 - ELECTRONIC LOCATION AND ACCESS
Materials specified Publisher description
Uniform Resource Identifier <a href="http://www.loc.gov/catdir/enhancements/fy0645/2005281591-d.html">http://www.loc.gov/catdir/enhancements/fy0645/2005281591-d.html</a>
906 ## - LOCAL DATA ELEMENT F, LDF (RLIN)
a 7
b cbc
c origcop
d 2
e ncip
f 20
g y-gencatlg
942 ## - ADDED ENTRY ELEMENTS (KOHA)
Source of classification or shelving scheme Library of Congress Classification
Koha item type Books
Holdings
Withdrawn status Lost status Source of classification or shelving scheme Damaged status Home library Current library Shelving location Date acquired Source of acquisition Total Checkouts Full call number Barcode Date last seen Copy number Price effective from Koha item type
    Library of Congress Classification   Luxembourg Library Luxembourg Library Kids Fiction Section 07/29/2013 Donation   PZ 7 .L573 2005 10268 05/25/2015 1 07/29/2013 Books
    Library of Congress Classification   Luxembourg Library Luxembourg Library Kids Fiction Section 07/29/2013 Donation   PZ 7 .L573 2005 14257 11/16/2016 2 07/29/2013 Books

Strawberry girl /

APA

Lenski L., . (1973). Strawberry girl. New York: HarperTrophy.

Chicago

Lenski Lois, . 1973. Strawberry girl. New York: HarperTrophy.

Harvard

Lenski L., . (1973). Strawberry girl. New York: HarperTrophy.

MLA

Lenski Lois, . Strawberry girl. New York: HarperTrophy. 1973.

  • Place hold
  • Print
  • Cite
  • Add to your cart (remove)
  • Save record
    BIBTEX Dublin Core MARCXML MARC (non-Unicode/MARC-8) MARC (Unicode/UTF-8) MARC (Unicode/UTF-8, Standard) MODS (XML) RIS
  • More searches
    Search for this title in:
    Other Libraries (WorldCat) Other Databases (Google Scholar) Online Stores (Bookfinder.com) Open Library (openlibrary.org)

Exporting to Dublin Core...

SOUTHVILLE LIBRARY

Southville International School and Colleges Library

1281 Tropical Ave. Cor. Luxembourg St., BF Homes International, Las Pinas City

Tel. No. 8256374 / 252358 Loc. 117/146

Powered by Koha